| 000 | 01436nam a2200445 4500 | ||
|---|---|---|---|
| 999 |
_c51236 _d51236 |
||
| 001 | 51236 | ||
| 003 | ES-MaCES | ||
| 005 | 20190430113840.0 | ||
| 008 | 190430s2019 us |||||||||||||||||eng|d | ||
| 020 | _a9780691172217 | ||
| 040 |
_aES-MaCES _bspa _cES-MaCES |
||
| 100 | 1 |
_95900 _aAlesina, Alberto |
|
| 245 | 1 | 0 |
_aAusterity _b: when it works and when it doesn't _cAlberto Alesina, Carlo Favero, and Francesco Giavazzi |
| 260 |
_aPrincenton _aOxford _bPrincenton University Press _c[2019] |
||
| 300 |
_aXiI, 276 p. _c25 cm |
||
| 500 | _aÍndices | ||
| 504 | _aBibliografía: p. 259-266 | ||
| 541 | _cCompra | ||
| 650 | 4 |
_927102 _acrisis económica |
|
| 650 | 4 |
_928136 _apérdida financiera |
|
| 650 | 4 |
_931908 _a2008 |
|
| 650 | 4 |
_928082 _apolítica fiscal |
|
| 650 | 4 |
_928086 _aimpuesto |
|
| 650 | 4 |
_927025 _apolítica económica |
|
| 650 | 4 |
_928075 _adeuda pública |
|
| 650 | 4 |
_930717 _acontención de los costes |
|
| 650 | 4 |
_928281 _aanálisis de costes y beneficios |
|
| 650 | 4 |
_930732 _aevaluación del impacto |
|
| 650 | 4 |
_927091 _apaís desarrollado |
|
| 650 | 4 |
_929020 _apaís de la UE |
|
| 650 | 4 |
_932025 _a2010-2014 |
|
| 650 | 4 |
_927070 _aanálisis económico |
|
| 650 | 4 |
_927074 _amodelo económico |
|
| 653 | 1 | 0 | _aEconomía |
| 700 | 1 |
_911657 _aFavero, Carlo A. |
|
| 700 | 1 |
_913320 _aGiavazzi, Francesco |
|
| 710 | 2 |
_94853 _aPrinceton University _eed. |
|
| 902 | _aLIB Libro | ||
| 942 |
_2CES _cBK _h0.0. |
||